000 01556cam a2200349 a 4500
001 EDZ0000083348
003 StDuBDS
005 20161031105201.0
006 m||||||||d||||||||
007 cr |||||||||||
008 120427s2011 cauc fo| 001|0|eng d
020 _a9781452219608 (ebook) :
_cNo price
040 _aStDuBDS
_beng
_cStDuBDS
_epn
049 _aAlfaisal Main Library
050 0 _aLA217.2
_b. C675 2011
082 0 4 _a370.1
_223
100 1 _aCookson, Peter W.
245 1 0 _aSacred trust
_h[electronic resource] :
_ba children's education bill of rights /
_cPeter W. Cookson, Jr. ; foreword by Rudy Crew.
260 _aThousand Oaks, Calif. :
_bCorwin ;
_aLondon :
_bSAGE,
_cc2011.
300 _a1 online resource (xv, 141 p.) :
_bport.
504 _aIncludes bibliographical references and index.
520 8 _a'Sacred Trust' argues that equality of educational opportunity is today's great civil rights issue, it demonstrates, through the use of vivid storytelling and relevant research, how a collective, national vision is needed in order to achieve world class schooling for our children in this century.
521 _aSpecialized.
588 _aDescription based on print version record.
650 0 _aEducation
_zUnited States
_xPhilosophy.
650 0 _aEducational sociology
_zUnited States.
655 7 _aElectronic books.
_2local
710 2 _aSage eBooks
776 0 8 _iPrint version :
_z9781412981163
856 4 0 _uhttp://ezproxy.alfaisal.edu/login?url=http://sk.sagepub.com/books/sacred-trust
942 _2lcc
_cEBOOKS
999 _c481146
_d481146